Holiday Quiz

Random Holiday or Christmas Quiz
Score 0/78 Timer 02:00
0 Plays Today
% Correct
drummer drumming
74.2%
drummer drumming
73%
drummer drumming
70.8%
drummer drumming
70.8%
drummer drumming
69.7%
drummer drumming
69.7%
drummer drumming
68.5%
drummer drumming
68.5%
drummer drumming
68.5%
drummer drumming
68.5%
drummer drumming
67.4%
drummer drumming
67.4%
piper piping
58.4%
piper piping
57.3%
piper piping
57.3%
piper piping
57.3%
piper piping
57.3%
piper piping
56.2%
piper piping
56.2%
piper piping
55.1%
piper piping
55.1%
piper piping
55.1%
piper piping
52.8%
lord a-leaping
52.8%
lord a-leaping
51.7%
lord a-leaping
51.7%
lord a-leaping
50.6%
lord a-leaping
50.6%
lord a-leaping
50.6%
lord a-leaping
49.4%
lord a-leaping
49.4%
lord a-leaping
49.4%
lord a-leaping
48.3%
lady dancing
48.3%
lady dancing
48.3%
lady dancing
47.2%
lady dancing
47.2%
lady dancing
47.2%
lady dancing
46.1%
% Correct
lady dancing
46.1%
maid a-milking
44.9%
lady dancing
43.8%
lady dancing
43.8%
maid a-milking
43.8%
maid a-milking
43.8%
maid a-milking
43.8%
maid a-milking
42.7%
maid a-milking
42.7%
swan a-swimming
42.7%
maid a-milking
41.6%
maid a-milking
41.6%
swan a-swimming
41.6%
swan a-swimming
41.6%
swan a-swimming
41.6%
swan a-swimming
40.4%
swan a-swimming
39.3%
swan a-swimming
39.3%
golden ring
36%
golden ring
34.8%
golden ring
34.8%
golden ring
34.8%
golden ring
34.8%
goose a-laying
32.6%
goose a-laying
32.6%
goose a-laying
31.5%
goose a-laying
30.3%
goose a-laying
30.3%
goose a-laying
30.3%
partridge in a pear tree
29.2%
French hen
28.1%
calling bird
27%
calling bird
27%
French hen
27%
calling bird
25.8%
calling bird
24.7%
French hen
24.7%
turtle dove
24.7%
turtle dove
24.7%
Remove Ads.
Support Sporcle.
Get the best of Sporcle when you Go Orange. This ad-free experience offers more features, more stats, and more fun while also helping to support Sporcle. Thank you for becoming a member.

You're not logged in!

Compare scores with friends on all Sporcle quizzes.
OR
Log In

Show Comments

Extras

Created Dec 11, 2018ReportNominate
Tags:Christmas Quiz, 12 Days

Top Quizzes Today


Score Distribution

Your Account Isn't Verified!

In order to create a playlist on Sporcle, you need to verify the email address you used during registration. Go to your Sporcle Settings to finish the process.

Report this User

Report this user for behavior that violates our Community Guidelines.

Details: